How to get what you really want [
| Main Author: | |
|---|---|
| Format: | Book |
| Published: |
California :
Robbins Research International ,
1989
|
| Series: | Personal power!
|
| Subjects: |
MARC
| LEADER | 00000cam a2200000 7i4500 | ||
|---|---|---|---|
| 001 | 0000001427 | ||
| 002 | 000001567 | ||
| 005 | .0 | ||
| 020 | |a T000000209 | ||
| 090 | 0 | 0 | |a 1155.25 |b ROB |
| 100 | 1 | |a Robbins, Anthony | |
| 245 | 1 | 0 | |a How to get what you really want [ |h soundrecording] |c Anthony Robbins |
| 260 | |a California : |b Robbins Research International , |c 1989 | ||
| 300 | |a 2 sound cassettes | ||
| 490 | 0 | |a Personal power! | |
| 650 | 0 | 0 | |a Personality and emotions |x Personality development |
| 999 | |a 00033 |b KASET |c KOLEKSI AUDIO VIDEO |e PERPUSTAKAAN KOMUNITI PETALING JAYA | ||